Ville Française ou pas ? - Statistiques

Statistiques générales
  • Ce quiz a été pris 276 fois
  • Le résultat moyen est 16 sur 20
Statistiques - réponses
Question Tuile Select % Correct
Retrouver les villes Françaises. Saint-denis Oui
98%
Retrouver les villes Françaises. Constance Non
96%
Retrouver les villes Françaises. Padoue Non
94%
Retrouver les villes Françaises. Baton-Rouge Non
93%
Retrouver les villes Françaises. Cayenne Oui
89%
Retrouver les villes Françaises. Morlaix Oui
86%
Retrouver les villes Françaises. Nouméa Oui
85%
Retrouver les villes Françaises. Charleroi Non
84%
Retrouver les villes Françaises. Maubeuge Oui
82%
Retrouver les villes Françaises. Montreux Non
80%
Retrouver les villes Françaises. Aix-la-Chapelle Non
78%
Retrouver les villes Françaises. Saint Helier Non
78%
Retrouver les villes Françaises. Annemasse Oui
73%
Retrouver les villes Françaises. Neuchâtel Non
72%
Retrouver les villes Françaises. Courmayeur Non
69%
Retrouver les villes Françaises. Kourou Oui
69%
Retrouver les villes Françaises. Haguenau Oui
68%
Retrouver les villes Françaises. Molsheim Oui
64%
Retrouver les villes Françaises. L'ile Rousse Oui
63%
Retrouver les villes Françaises. Saint-Louis Oui
46%
Aucun quiz correspondant
Distribution des résultats
% des personnes avec chaque résultat
Percentile par nombre de réponses
Votre historique - résultats
Vous n’avez pas pris ce quiz